| 000 | 00735nam a2200289Ia 4500 | ||
|---|---|---|---|
| 005 | 20260324133110.0 | ||
| 008 | 008 260324s9999 xx 000 0 eng d | ||
| 020 | _a9781315029658 | ||
| 037 | _aEBOOK | ||
| 040 | _aCRL | ||
| 040 | _beng | ||
| 040 | _cCRL | ||
| 041 | _2eng | ||
| 041 | _aeng | ||
| 084 | _qCRL | ||
| 100 |
_aJon Miller _91191790 |
||
| 245 | 0 | _aMissionary Zeal and Institutional Control | |
| 245 | 0 | _bOrganizational Contradictions in the Basel Mission on the Gold Coast 1828-1917 | |
| 260 | _bTaylor and Francis | ||
| 260 | _c2003 | ||
| 365 | _a | ||
| 365 | _b300 | ||
| 856 | _uhttp://www.taylorfrancis.com/books/9781315029658 | ||
| 942 | _cEBOOK | ||
| 999 |
_c1790531 _d1790531 |
||